000 00725nam a2200289Ia 4500
005 20260324133218.0
008 008 260324s9999 xx 000 0 eng d
020 _a9780203764787
037 _aEBOOK
040 _aCRL
040 _beng
040 _cCRL
041 _2eng
041 _aeng
084 _qCRL
100 _aMichael Cole
_91192218
245 0 _aCulture, Technology, and Development
245 0 _bIn Memory of Jan Hawkins:a Special Issue of mind, Culture, and Activity
260 _bTaylor and Francis
260 _c2003
365 _a
365 _b300
856 _uhttp://www.taylorfrancis.com/books/9780203764787
942 _cEBOOK
999 _c1791076
_d1791076